00593cam a22001813a 450000100060000000300060000600500170001200800410002904000150007004200070008510000190009224501500011126000290026150600300029051600200032083000290034085600420036938956PGUSA20140828083848.0120225s2012||||xxu|||||s|||||000 | eng d aPGUSAbeng adc1 aSclater, P. L.10aArgentine Ornithology, Volume I (of 2) :bA descriptive catalogue of the birds of the Argentine Republic.h[electronic resource] /cP. L. Sclater bProject Gutenberg,c2012 aPublic domain in the USA. aElectronic text 0aProject Gutenbergv3895640uhttp://www.gutenberg.org/ebooks/38956